Songs In "Taylor Swift" In Alphabetical Order - Statistics

General Stats
  • This quiz has been taken 10 times
  • The average score is 9 of 14
Answer Stats
Songs % Correct
A Perfectly Good Heart
100%
A Place in this World
100%
Cold As You
86%
Invisible
86%
Should've Said No
86%
Our Song
71%
I'm Only Me When I'm With You
71%
Mary's Song (Oh My My My)
71%
Picture To Burn
71%
Stay Beautiful
57%
Teardrops On My Guitar
43%
Tim McGraw
43%
The Outside
29%
Tied Together with a Smile
29%
No matching quizzes found
Score Distribution
Percent of People with Each Score
Percentile by Number Answered
Your Score History
You have not taken this quiz